|
|
|
|
| LEADER |
00000cam a2200000 a 4500 |
| 001 |
vtls001419284 |
| 003 |
SK-MaSNL |
| 005 |
20260302035241.0 |
| 008 |
250414s1999 xo a fr 10000 slo |
| 015 |
|
|
|a SNBA2001/12-03983
|
| 020 |
|
|
|a 8071390631
|
| 035 |
|
|
|a SNK000374098
|
| 035 |
|
|
|a urn:nbn:sk:snk-amjsxu
|
| 035 |
|
|
|a urn:nbn:sk:snk:ar-008re3
|
| 035 |
|
|
|a e7b315b3-a255-43e2-831e-840aa03a56ce
|
| 040 |
|
|
|a SNK
|b slo
|c SNK
|e AACR2
|
| 041 |
0 |
|
|a slo
|
| 044 |
|
|
|a xo
|c SK
|
| 080 |
|
|
|a 633.88
|2 1981
|
| 111 |
1 |
|
|a Ekonomické aspekty v produkcii liečivých rastlín so zameraním na ich obchod
|n (4. :
|d 1999 :
|c Nitra, Slovensko)
|4 aut
|9 103799
|
| 245 |
0 |
0 |
|a Ekonomické aspekty v produkcii liečivých rastlín so zameraním na ich obchod
|b [zborník z odborného seminára s medzinárodnou účasťou konaného 9. decembra 1999 v ... Nitre]
|c [zborník zostavil: Miroslav Habán]
|
| 260 |
|
|
|a Nitra
|b Agroinštitút Nitra
|c [1999]
|
| 300 |
|
|
|a 77 s.
|b sch., tab.
|c 21 cm
|
| 500 |
|
|
|a Čiast. text čes.
|
| 500 |
|
|
|a Údaj o zost. prevzatý z rubu tit. strany
|
| 500 |
|
|
|a 150 výt.
|
| 504 |
|
|
|a Bibliogr. odkazy
|
| 650 |
0 |
7 |
|a rastliny liečivé
|x produkcia
|x zborníky
|2 SNK
|9 687909
|
| 655 |
|
7 |
|a zborníky
|2 SNK
|9 70165
|
| 655 |
|
7 |
|a issue_zb
|2 SNK
|9 276493
|
| 700 |
1 |
|
|a Habán, Miroslav,
|d 1969-
|4 com
|9 203299
|
| 852 |
|
|
|a Slovenská národná knižnica
|
| 919 |
|
|
|a 80-7139-063-1
|
| 954 |
|
|
|a odborná, vedecká literatúra pôvodná (slovenská)
|2 lita
|
| 954 |
|
|
|a odborná, vedecká literatúra cudzojazyčná (svetová)
|2 lita
|
| 958 |
|
|
|a OND
|
| 958 |
|
|
|a ART
|
| 958 |
|
|
|a TL
|
| 958 |
|
|
|a NB
|
| 958 |
|
|
|a ZB
|
| 999 |
|
|
|c 1069888
|d 1071818
|
| 952 |
|
|
|t P60, <03>, [BOOK], {603}
|a SNK
|b SNK
|y PREZ
|7 0
|p 17A0312768
|o snkSC 105830
|i snkKSP 10254/2001
|0 0
|1 0
|4 0
|d 2001-08-31
|l 0
|r 2025-09-26 00:00:00
|w 2026-02-24
|
| 952 |
|
|
|t P60, <04>, [BOOK], {604}
|a SNK
|b SNK
|y VYP
|7 0
|p 17A0312769
|o snkSC 105830 D1
|i snkKSP 10255/2001
|0 0
|1 0
|4 0
|d 2001-08-31
|l 0
|r 2005-01-02 00:00:00
|w 2026-02-24
|